[Event "SVK-chT2C 1314"]
[Site "Slovakia"]
[Date "2014.02.23"]
[Round "9.4"]
[White "Prielozny, Eduard"]
[Black "Kovacs, Jozef"]
[Result "0-1"]
[WhiteElo "1894"]
[BlackElo "2041"]
[PlyCount "32"]
[EventDate "2013.10.19"]
[EventType "team-tourn"]
[EventRounds "11"]
[EventCountry "SVK"]
[SourceTitle "EXT 2015"]
[Source "ChessBase"]
[SourceDate "2014.11.20"]
[SourceVersion "1"]
[SourceVersionDate "2014.11.20"]
[SourceQuality "1"]
[WhiteTeam "Zilina Mladost II"]
[BlackTeam "Cebovce"]
[WhiteTeamCountry "SVK"]
[BlackTeamCountry "SVK"]

1. d4 d5 2. c4 c6 3. Nc3 Nf6 4. Bf4 a6 5. e3 g6 6. Be5 Bg7 7. Qb3 e6 8. c5 0-0 9. Bxb8 Rxb8 10. Bxa6 e5 11. Nf3 exd4 12. exd4 Re8+ 13. Be2 Ne4 14. h3 b6 15. Na4 Ba6 16. Bxa6 Nxc5+ 0-1

[Event "SVK-chT2C 1314"]
[Site "Slovakia"]
[Date "2014.02.22"]
[Round "8.4"]
[White "Kovacs, Jozef"]
[Black "Prielozny, Stanislav"]
[Result "1/2-1/2"]
[WhiteElo "2041"]
[BlackElo "2138"]
[PlyCount "118"]
[EventDate "2013.10.19"]
[EventType "team-tourn"]
[EventRounds "11"]
[EventCountry "SVK"]
[SourceTitle "EXT 2015"]
[Source "ChessBase"]
[SourceDate "2014.11.20"]
[SourceVersion "1"]
[SourceVersionDate "2014.11.20"]
[SourceQuality "1"]
[WhiteTeam "Cebovce"]
[BlackTeam "Rajecke Teplice"]
[WhiteTeamCountry "SVK"]
[BlackTeamCountry "SVK"]

1. d4 d5 2. c4 c6 3. cxd5 cxd5 4. Nc3 Nf6 5. Bf4 Nc6 6. e3 Bf5 7. Nf3 e6 8. Bd3 Bxd3 9. Qxd3 Be7 10. 0-0 0-0 11. Rac1 Rc8 12. Ne5 Nxe5 13. Bxe5 Nd7 14. Bg3 a6 15. a4 Qa5 16. Rc2 Rc6 17. Rfc1 Rfc8 18. f3 Bb4 19. Na2 Bd2 20. Rxc6 Rxc6 21. Rxc6 bxc6 22. b4 Bxb4 23. Nxb4 Qxb4 24. Qxa6 Qb1+ 25. Kf2 Qc2+ 26. Kf1 Qc1+ 27. Be1 Qxe3 28. Qc8+ Nf8 29. a5 Qd3+ 30. Kf2 Qxd4+ 31. Kg3 g5 32. h3 Qh4+ 33. Kh2 Qxe1 34. a6 Qe5+ 35. Kh1 Kg7 36. Qb7 Qe1+ 37. Kh2 Ng6 38. Qb2+ Kh6 39. a7 Qa5 40. Qb8 Qd2 41. a8Q c5 42. Qc7 Qf4+ 43. Qxf4 gxf4 44. Qc6 c4 45. Kg1 Kg5 46. Kf1 h5 47. Qc7 Kf6 48. h4 Kg7 49. Ke2 Nxh4 50. Qxf4 Ng6 51. Qd4+ e5 52. Qc3 h4 53. Kf2 Kf6 54. Qa5 Ke6 55. Qc5 Nf4 56. Qc6+ Ke7 57. Kf1 f6 58. Qc7+ Ke6 59. Qc5 Kd7 1/2-1/2

[Event "SVK-chT2C 1314"]
[Site "Slovakia"]
[Date "2014.01.12"]
[Round "6.4"]
[White "Kovacs, Jozef"]
[Black "Csolto, Tibor Jr"]
[Result "1/2-1/2"]
[WhiteElo "2041"]
[BlackElo "2198"]
[PlyCount "37"]
[EventDate "2013.10.19"]
[EventType "team-tourn"]
[EventRounds "11"]
[EventCountry "SVK"]
[SourceTitle "EXT 2015"]
[Source "ChessBase"]
[SourceDate "2014.11.20"]
[SourceVersion "1"]
[SourceVersionDate "2014.11.20"]
[SourceQuality "1"]
[WhiteTeam "Cebovce"]
[BlackTeam "Jelsava Magnezit"]
[WhiteTeamCountry "SVK"]
[BlackTeamCountry "SVK"]

1. d4 c5 2. d5 Nf6 3. c4 b5 4. cxb5 a6 5. f3 g6 6. e4 d6 7. Nc3 Bg7 8. Bd3 0-0 9. Nge2 Nbd7 10. 0-0 Qb6 11. Be3 Ne5 12. Na4 Qb8 13. b6 Nfd7 14. Rb1 a5 15. Bb5 Nxb6 16. Nec3 Ra7 17. Nxb6 Qxb6 18. a4 Ba6 19. Qe2 1/2-1/2

[Event "SVK-chT2C 1314"]
[Site "Slovakia"]
[Date "2013.11.23"]
[Round "3.4"]
[White "Maracek, Igor"]
[Black "Kovacs, Jozef"]
[Result "1/2-1/2"]
[WhiteElo "2103"]
[BlackElo "2041"]
[PlyCount "102"]
[EventDate "2013.10.19"]
[EventType "team-tourn"]
[EventRounds "11"]
[EventCountry "SVK"]
[SourceTitle "EXT 2015"]
[Source "ChessBase"]
[SourceDate "2014.11.20"]
[SourceVersion "1"]
[SourceVersionDate "2014.11.20"]
[SourceQuality "1"]
[WhiteTeam "Zilina DMS"]
[BlackTeam "Cebovce"]
[WhiteTeamCountry "SVK"]
[BlackTeamCountry "SVK"]

1. c4 e5 2. Nc3 Nf6 3. g3 Bb4 4. Bg2 0-0 5. Qb3 Qe7 6. a3 Bxc3 7. bxc3 Nc6 8. a4 e4 9. a5 d6 10. Nh3 Ne5 11. 0-0 Be6 12. Ra4 b5 13. axb6 axb6 14. d4 exd3 15. Rxa8 Rxa8 16. exd3 Bxh3 17. Bxh3 Nxd3 18. Be3 Ra5 19. Qd1 Ne5 20. Re1 Qf8 21. Bd4 Kh8 22. f4 Nxc4 23. Bxf6 gxf6 24. Qd4 Ne5 25. fxe5 fxe5 26. Qh4 f5 27. Rf1 e4 28. Qxe4 fxe4 29. Rxf8+ Kg7 30. Re8 Rc5 31. Rxe4 Rxc3 32. Bf5 h6 33. g4 d5 34. Re6 d4 35. h4 d3 36. Re7+ Kf6 37. Re6+ Kg7 38. Kf2 b5 39. Rg6+ Kf7 40. Rxh6 c5 41. Rb6 Rc2+ 42. Ke3 c4 43. Rxb5 Re2+ 44. Kf3 Rh2 45. Rc5 d2 46. Bc2 c3 47. h5 Rh1 48. Rxc3 Rh3+ 49. Ke2 Rxc3 50. Kxd2 Rg3 51. Bf5 Kg7 1/2-1/2

[Event "Tatry op"]
[Site "Tatranske Zruby"]
[Date "2013.10.03"]
[Round "6"]
[White "Banas, Jan"]
[Black "Kovacs, Jozef"]
[Result "1-0"]
[WhiteElo "2292"]
[BlackElo "2041"]
[PlyCount "53"]
[EventDate "2013.09.29"]
[EventType "swiss"]
[EventRounds "9"]
[EventCountry "SVK"]
[SourceTitle "CBM 156 Extra"]
[Source "ChessBase"]
[SourceDate "2013.10.22"]
[SourceVersion "1"]
[SourceVersionDate "2013.10.22"]
[SourceQuality "1"]

1. c4 e5 2. Nc3 Nf6 3. Nf3 Nc6 4. d3 Bb4 5. e4 d6 6. Be2 0-0 7. a3 Bxc3+ 8. bxc3 h6 9. 0-0 Bd7 10. Ne1 Nh7 11. Rb1 b6 12. Nc2 f5 13. exf5 Rxf5 14. Bf3 Rb8 15. Nb4 Nxb4 16. axb4 Ng5 17. Bd5+ Ne6 18. b5 Kh8 19. Ra1 a5 20. bxa6 c6 21. Be4 Rf6 22. Be3 Nf4 23. Qb3 Rf8 24. a7 Ra8 25. Qxb6 Qg5 26. Rfb1 Qf6 27. Qb8 1-0

[Event "Tatry op"]
[Site "Tatranske Zruby"]
[Date "2011.09.27"]
[Round "4"]
[White "Komlosi, Frantisek"]
[Black "Kovacs, Jozef"]
[Result "0-1"]
[WhiteElo "1933"]
[BlackElo "2008"]
[PlyCount "98"]
[EventDate "2011.09.25"]
[EventType "swiss"]
[EventRounds "9"]
[EventCountry "SVK"]
[SourceTitle "CBM 144 Extra"]
[Source "ChessBase"]
[SourceDate "2011.10.28"]
[SourceVersion "1"]
[SourceVersionDate "2011.10.28"]
[SourceQuality "1"]

1. d4 d5 2. c4 c6 3. Nf3 Nf6 4. Nc3 a6 5. e3 g6 6. Bd3 Bg7 7. 0-0 0-0 8. Re1 b5 9. cxb5 cxb5 10. Qb3 Nc6 11. a4 b4 12. Na2 a5 13. Bd2 Bb7 14. Qd1 Re8 15. Bb5 Nd7 16. Nc1 Na7 17. Bxd7 Qxd7 18. Nd3 Qd6 19. Rc1 Rac8 20. b3 f6 21. Nc5 Ba8 22. Rc2 e5 23. Bc1 Nc6 24. Bb2 Nb8 25. Qc1 Rc6 26. h3 Rec8 27. Qd2 Nd7 28. Rec1 Nxc5 29. dxc5 Rxc5 30. Rxc5 Rxc5 31. Rxc5 Qxc5 32. Ne1 Bb7 33. Nd3 Qc6 34. Ne1 Bh6 35. Qe2 Ba6 36. Qd1 Bg7 37. Kh2 f5 38. Nf3 Qd6 39. Kg1 Bb7 40. Qa1 d4 41. exd4 Bxf3 42. gxf3 exd4 43. Qf1 d3 44. Bxg7 Kxg7 45. Qd1 Qd4 46. Kf1 Kf6 47. f4 Ke6 48. Qe1+ Qe4 49. Qc1 Qh1# 0-1

[Event "SVK-chT1E 1011"]
[Site "Slovakia"]
[Date "2011.02.12"]
[Round "6.7"]
[White "Mraz, Martin"]
[Black "Kovacs, Jozef"]
[Result "0-1"]
[WhiteElo "1874"]
[BlackElo "2018"]
[PlyCount "78"]
[EventDate "2010.11.06"]
[EventType "team-tourn"]
[EventRounds "11"]
[EventCountry "SVK"]
[SourceTitle "EXT 2012"]
[Source "ChessBase"]
[SourceDate "2011.11.24"]
[SourceVersion "1"]
[SourceVersionDate "2011.11.24"]
[SourceQuality "1"]
[WhiteTeam "Liptov Chess School"]
[BlackTeam "Filakovo"]
[WhiteTeamCountry "SVK"]
[BlackTeamCountry "SVK"]

1. e4 e5 2. Nf3 Nc6 3. d4 exd4 4. Bc4 Nf6 5. e5 d5 6. Bb5 Ne4 7. Nxd4 Bd7 8. Bxc6 bxc6 9. 0-0 Bc5 10. f3 Ng5 11. f4 Ne4 12. Be3 Qe7 13. Nd2 Nd6 14. Qe2 Nf5 15. Nxf5 Bxf5 16. c3 0-0 17. Rae1 Bb6 18. g4 Bxe3+ 19. Qxe3 Bxg4 20. f5 f6 21. Qg3 Bh5 22. Qh4 Be8 23. Kh1 c5 24. exf6 Qxf6 25. Qxf6 Rxf6 26. Nb3 Bb5 27. Rf2 Raf8 28. Re7 Rxf5 29. Rxf5 Rxf5 30. Rxc7 Rf1+ 31. Kg2 Rb1 32. Rxa7 Rxb2+ 33. Kg1 d4 34. cxd4 c4 35. Nc5 c3 36. Ne6 c2 37. Rxg7+ Kh8 38. Rc7 Rb1+ 39. Kf2 c1Q 0-1

[Event "SVK-chT1E 0910"]
[Site "Slovakia"]
[Date "2010.01.16"]
[Round "6.4"]
[White "Gajdosik, Andrej"]
[Black "Kovacs, Jozef"]
[Result "1-0"]
[WhiteElo "1979"]
[BlackElo "2058"]
[PlyCount "77"]
[EventDate "2009.10.17"]
[EventType "team"]
[EventRounds "11"]
[EventCountry "SVK"]
[SourceTitle "EXT 2011"]
[Source "ChessBase"]
[SourceDate "2010.11.26"]
[SourceVersion "1"]
[SourceVersionDate "2010.11.26"]
[SourceQuality "1"]
[WhiteTeam "Zilina Mladost juniors"]
[BlackTeam "Filakovo"]
[WhiteTeamCountry "SVK"]
[BlackTeamCountry "SVK"]

1. d4 d5 2. c4 c6 3. Nc3 Nf6 4. e3 e6 5. Bd3 dxc4 6. Bxc4 b5 7. Bd3 b4 8. Ne4 Be7 9. Ne2 0-0 10. 0-0 Ba6 11. N2g3 Bxd3 12. Qxd3 Nbd7 13. Bd2 c5 14. dxc5 Nd5 15. Rac1 f5 16. Nd6 Nxc5 17. Rxc5 Bxd6 18. Rc6 Qd7 19. Rfc1 Rad8 20. Qd4 Qe7 21. Qc4 Nb6 22. Qc2 Rc8 23. Qb3 Rxc6 24. Rxc6 Qd7 25. Rxd6 Qxd6 26. Bxb4 Qc6 27. Bxf8 Kxf8 28. h3 Qd6 29. Qc2 g6 30. Ne2 Kf7 31. Nd4 Nd5 32. Qc6 Qe7 33. a3 h5 34. Nb5 Kf6 35. Nd6 Kg5 36. Qc5 Qf6 37. e4 Nb6 38. exf5 gxf5 39. Ne4+ 1-0

[Event "Tatry op"]
[Site "Tatranske Zruby"]
[Date "2009.10.03"]
[Round "8"]
[White "Vitak, Pavel"]
[Black "Kovacs, Jozef"]
[Result "1-0"]
[WhiteElo "2231"]
[BlackElo "2058"]
[PlyCount "57"]
[EventDate "2009.09.27"]
[EventType "swiss"]
[EventRounds "9"]
[EventCountry "SVK"]
[SourceTitle "EXT 2011"]
[Source "ChessBase"]
[SourceDate "2010.11.26"]
[SourceVersion "1"]
[SourceVersionDate "2010.11.26"]
[SourceQuality "1"]

1. e4 e5 2. Nf3 Nc6 3. Bb5 a6 4. Ba4 Nf6 5. Qe2 b5 6. Bb3 Bc5 7. c3 0-0 8. 0-0 d6 9. d3 h6 10. Be3 Bxe3 11. Qxe3 Be6 12. Nbd2 Qe7 13. a4 Bxb3 14. Nxb3 Qe6 15. Nbd2 Kh7 16. d4 d5 17. dxe5 Ng4 18. Qe2 Ncxe5 19. Nd4 Qg6 20. axb5 dxe4 21. Qxe4 f5 22. Qc2 axb5 23. h3 Rxa1 24. Rxa1 c5 25. hxg4 cxd4 26. gxf5 Rxf5 27. cxd4 Ng4 28. Nf3 Qf6 29. Nh4 1-0

[Event "SVK-chT1E 0809"]
[Site "Slovakia"]
[Date "2009.03.07"]
[Round "10.1"]
[White "Skovran, Jaroslav"]
[Black "Kovacs, Jozef"]
[Result "1/2-1/2"]
[WhiteElo "2054"]
[BlackElo "2057"]
[PlyCount "75"]
[EventDate "2008.10.18"]
[EventType "team-tourn"]
[EventRounds "11"]
[EventCountry "SVK"]
[SourceTitle "EXT 2010"]
[Source "ChessBase"]
[SourceDate "2010.11.25"]
[SourceVersion "1"]
[SourceVersionDate "2010.11.25"]
[SourceQuality "1"]
[WhiteTeam "Sabinov"]
[BlackTeam "Filakovo"]
[WhiteTeamCountry "SVK"]
[BlackTeamCountry "SVK"]

1. e4 e5 2. Nf3 Nc6 3. d4 exd4 4. Nxd4 Nf6 5. Nxc6 bxc6 6. Bd3 d5 7. exd5 cxd5 8. 0-0 Be7 9. Re1 0-0 10. Bf4 c6 11. c3 Bg4 12. Qc2 Bh5 13. Nd2 Bd6 14. Bxd6 Qxd6 15. Nf1 Rae8 16. Ng3 Bg6 17. Bxg6 fxg6 18. Qd2 Ng4 19. Rxe8 Rxe8 20. Re1 Rxe1+ 21. Qxe1 Kf7 22. h3 Ne5 23. Qe3 Qe7 24. Ne2 Nc4 25. Qxe7+ Kxe7 26. b3 Ne5 27. Nc1 Kd6 28. f4 Nd7 29. Kf2 Nf6 30. Ke3 c5 31. Ne2 Kc6 32. Kd3 Kd6 33. Ng1 Kc6 34. Nf3 Kd6 35. Nd2 Kc6 36. Ke3 Kd6 37. Kd3 Ke6 38. Ke3 1/2-1/2

[Event "SVK-chT1E 0809"]
[Site "Slovakia"]
[Date "2009.02.08"]
[Round "9.3"]
[White "Petr, Milan"]
[Black "Kovacs, Jozef"]
[Result "0-1"]
[WhiteElo "2026"]
[BlackElo "2057"]
[PlyCount "58"]
[EventDate "2008.10.18"]
[EventType "team-tourn"]
[EventRounds "11"]
[EventCountry "SVK"]
[SourceTitle "EXT 2010"]
[Source "ChessBase"]
[SourceDate "2010.11.25"]
[SourceVersion "1"]
[SourceVersionDate "2010.11.25"]
[SourceQuality "1"]
[WhiteTeam "Svit SO"]
[BlackTeam "Filakovo"]
[WhiteTeamCountry "SVK"]
[BlackTeamCountry "SVK"]

1. e4 e5 2. Nf3 Nc6 3. Bb5 a6 4. Ba4 Nf6 5. d3 Bc5 6. 0-0 d6 7. Bg5 Bg4 8. c3 h6 9. Be3 Bxe3 10. fxe3 0-0 11. Nbd2 b5 12. Bc2 d5 13. d4 Re8 14. Qb1 Qd7 15. Nh4 Rad8 16. Rxf6 gxf6 17. exd5 Ne7 18. Qe1 Kh8 19. Qf2 Nxd5 20. Bb3 exd4 21. cxd4 f5 22. h3 Nxe3 23. hxg4 Nxg4 24. Qf4 Qxd4+ 25. Qxd4+ Rxd4 26. Ndf3 Rd7 27. Nxf5 Re2 28. Kf1 Rxb2 29. Re1 c5 0-1

[Event "SVK-chT1E 0708"]
[Site "Slovakia"]
[Date "2007.10.14"]
[Round "2.2"]
[White "Sterco, Stepan"]
[Black "Kovacs, Jozef"]
[Result "1/2-1/2"]
[WhiteElo "2188"]
[BlackElo "2116"]
[PlyCount "108"]
[EventDate "2007.10.13"]
[EventType "team-swiss"]
[EventRounds "11"]
[EventCountry "SVK"]
[SourceTitle "EXT 2009"]
[Source "ChessBase"]
[SourceDate "2008.11.26"]
[SourceVersion "1"]
[SourceVersionDate "2008.11.26"]
[SourceQuality "1"]
[WhiteTeam "Michalovce Zemplin"]
[BlackTeam "Filakovo"]
[WhiteTeamCountry "SVK"]
[BlackTeamCountry "SVK"]

1. e4 e5 2. Nc3 Nc6 3. Nf3 Nf6 4. Be2 Bb4 5. d3 d5 6. exd5 Nxd5 7. Bd2 0-0 8. 0-0 f6 9. Nxd5 Qxd5 10. Bxb4 Nxb4 11. Nd2 Be6 12. Nb3 a5 13. Bf3 Qb5 14. a4 Qb6 15. Nd2 Rad8 16. b3 c6 17. Re1 Qc7 18. Rc1 Rfe8 19. Qe2 Na2 20. Ra1 Nc3 21. Qe3 Nd5 22. Qe4 Nf4 23. Nc4 Bd5 24. Qe3 Ne6 25. Bd1 Nf4 26. Bf3 Ne6 27. Rac1 Nd4 28. Bh5 g6 29. Bd1 b5 30. Nd2 bxa4 31. bxa4 c5 32. Ne4 Bxe4 33. Qxe4 Kg7 34. c3 f5 35. Qe3 Nc6 36. Bb3 Qd6 37. Red1 Ne7 38. Rb1 Nd5 39. Bxd5 Qxd5 40. Rb5 Rc8 41. Rxa5 Rc7 42. h3 Qb3 43. Qe1 e4 44. Ra1 Qc2 45. dxe4 Rxe4 46. Qc1 Qd3 47. Qa3 Qc4 48. Rb5 Re2 49. Rb2 Re6 50. a5 Rce7 51. Rbb1 Re2 52. Rf1 Ra7 53. Rfc1 Rae7 54. Rf1 Ra7 1/2-1/2

[Event "Tatry op"]
[Site "Tatranske Zruby"]
[Date "2007.09.23"]
[Round "3"]
[White "Capak, Stefan"]
[Black "Kovacs, Jozef"]
[Result "1/2-1/2"]
[WhiteElo "1996"]
[BlackElo "2143"]
[PlyCount "47"]
[EventDate "2007.09.22"]
[EventType "swiss"]
[EventRounds "9"]
[EventCountry "SVK"]
[SourceTitle "CBM 120 Extra"]
[Source "ChessBase"]
[SourceDate "2007.11.01"]
[SourceVersion "1"]
[SourceVersionDate "2007.11.01"]
[SourceQuality "1"]

1. d4 d5 2. Nf3 Nf6 3. c4 c6 4. Nc3 e6 5. cxd5 exd5 6. Bg5 Be7 7. Qc2 0-0 8. e3 Re8 9. Bd3 Nbd7 10. 0-0 Nf8 11. a3 g6 12. b4 Ne6 13. Bh4 a6 14. Rab1 Ng7 15. Na4 Bf5 16. Nc5 Qc8 17. Rfc1 Bxd3 18. Qxd3 Nf5 19. Bg5 Nd6 20. Ne5 Nfe4 21. Bxe7 Rxe7 22. Nxe4 Nxe4 23. Rc2 f6 24. Nf3 1/2-1/2

[Event "SVK-chT1E 0607"]
[Site "Slovakia"]
[Date "2007.01.14"]
[Round "7.6"]
[White "Saga, Vladimir"]
[Black "Kovacs, Jozef"]
[Result "1-0"]
[WhiteElo "2100"]
[BlackElo "2139"]
[PlyCount "75"]
[EventDate "2006.10.07"]
[EventType "team-tourn"]
[EventRounds "11"]
[EventCountry "SVK"]
[SourceTitle "EXT 2008"]
[Source "ChessBase"]
[SourceDate "2007.11.25"]
[SourceVersion "1"]
[SourceVersionDate "2007.11.25"]
[SourceQuality "1"]
[WhiteTeam "Dunajov Inbest"]
[BlackTeam "Lucenec Laurex"]
[WhiteTeamCountry "SVK"]
[BlackTeamCountry "SVK"]

1. e4 e5 2. Nf3 Nc6 3. Bb5 f5 4. d3 fxe4 5. dxe4 Nf6 6. Bg5 Bc5 7. Nc3 d6 8. Qe2 0-0 9. Bxc6 bxc6 10. b4 Bb6 11. Qc4+ Kh8 12. Qxc6 Bd7 13. Qc4 Qe8 14. Bh4 Qg6 15. Bg3 Nh5 16. Nd5 Bd4 17. Nxd4 Qxe4+ 18. Ne3 exd4 19. Rd1 Rae8 20. Qxd4 Qxg2 21. Kd2 Rxf2+ 22. Kc1 Rxe3 23. Bxf2 Re4 24. Qxa7 Nf4 25. Rhe1 Ne2+ 26. Kb2 Rxb4+ 27. Ka1 Qc6 28. Qe3 Nc3 29. Rd3 Nd5 30. Qf3 Rf4 31. Qxd5 Qxd5 32. Rxd5 Rxf2 33. Ra5 h5 34. Ra8+ Kh7 35. Rd8 Bf5 36. Rf8 g6 37. h4 Rxc2 38. Re7+ 1-0

[Event "SVK-chT1E 0607"]
[Site "Slovakia"]
[Date "2006.11.04"]
[Round "3.6"]
[White "Kovacs, Jozef"]
[Black "Hagara, Martin"]
[Result "1/2-1/2"]
[WhiteElo "2139"]
[BlackElo "2149"]
[PlyCount "62"]
[EventDate "2006.10.07"]
[EventType "team-tourn"]
[EventRounds "11"]
[EventCountry "SVK"]
[SourceTitle "EXT 2008"]
[Source "ChessBase"]
[SourceDate "2007.11.25"]
[SourceVersion "1"]
[SourceVersionDate "2007.11.25"]
[SourceQuality "1"]
[WhiteTeam "Lucenec Laurex"]
[BlackTeam "Kezmarok KdV"]
[WhiteTeamCountry "SVK"]
[BlackTeamCountry "SVK"]

1. d4 d5 2. c4 c6 3. Nc3 Nf6 4. Nf3 e6 5. Bg5 Nbd7 6. e3 Qa5 7. cxd5 Nxd5 8. Qd2 Bb4 9. Rc1 N7f6 10. Bd3 Bd7 11. 0-0 Rc8 12. e4 Nxc3 13. bxc3 Be7 14. e5 Nd5 15. Bxe7 Nxe7 16. Ng5 Nf5 17. Ne4 h5 18. Rfe1 Qc7 19. Qg5 Kf8 20. Qf4 Rh6 21. g3 b6 22. Nf6 Rh8 23. Ne4 Rh6 24. c4 Qd8 25. Nf6 Ne7 26. Re3 Ng6 27. Qg5 Be8 28. Rf3 Qxd4 29. Nh7+ Kg8 30. Nf6+ Kf8 31. Nh7+ Kg8 1/2-1/2

[Event "SVK-chT1E 0607"]
[Site "Slovakia"]
[Date "2006.10.07"]
[Round "1.5"]
[White "Kovacs, Jozef"]
[Black "Marek, Stanislav"]
[Result "1/2-1/2"]
[WhiteElo "2139"]
[BlackElo "2215"]
[PlyCount "125"]
[EventDate "2006.10.07"]
[EventType "team-tourn"]
[EventRounds "11"]
[EventCountry "SVK"]
[SourceTitle "EXT 2008"]
[Source "ChessBase"]
[SourceDate "2007.11.25"]
[SourceVersion "1"]
[SourceVersionDate "2007.11.25"]
[SourceQuality "1"]
[WhiteTeam "Lucenec Laurex"]
[BlackTeam "Presov Tatran"]
[WhiteTeamCountry "SVK"]
[BlackTeamCountry "SVK"]

1. d4 Nf6 2. c4 e6 3. Nc3 Bb4 4. Qc2 0-0 5. a3 Bxc3+ 6. Qxc3 Ne4 7. Qc2 f5 8. e3 b6 9. Bd3 Bb7 10. Nf3 c5 11. 0-0 Na6 12. Ne1 Qe7 13. f3 Nf6 14. Bd2 Rfc8 15. Bc3 d6 16. Qe2 Nb8 17. Nc2 Nbd7 18. b4 g6 19. e4 fxe4 20. fxe4 e5 21. d5 Rf8 22. Bd2 Nh5 23. g3 Rxf1+ 24. Rxf1 Rf8 25. Ne1 Rxf1+ 26. Qxf1 Ndf6 27. bxc5 bxc5 28. Nf3 Bc8 29. Qb1 Qc7 30. Qb5 Bd7 31. Qa6 Qb6 32. Qxb6 axb6 33. Kg2 Kf7 34. Ng1 Ng7 35. Ne2 Nfe8 36. Nc3 Nc7 37. Nb5 Nxb5 38. cxb5 Ne8 39. a4 Bc8 40. Bg5 Nf6 41. h3 Kg7 42. Bd2 Bb7 43. Kf3 Kf7 44. h4 Ke8 45. Bf1 Bc8 46. a5 bxa5 47. Bxa5 Bb7 48. Bh3 Nd7 49. Be6 c4 50. Bh3 Nc5 51. Bf1 Nd3 52. Bxd3 cxd3 53. Ke3 Kd7 54. Kxd3 Bc8 55. Ke3 Ke8 56. Bb4 Kd7 57. Kf3 h5 58. Ke3 Kc7 59. Ba5+ Kd7 60. Kd3 Ke8 61. Kc4 Bg4 62. Bc7 Kd7 63. Bb6 1/2-1/2

[Event "HUN-chT2 Toth 0506"]
[Site "Hungary"]
[Date "2006.02.26"]
[Round "8"]
[White "Erdos, Boglarka"]
[Black "Kovacs, Jozef"]
[Result "1/2-1/2"]
[WhiteElo "1981"]
[BlackElo "2205"]
[PlyCount "106"]
[EventDate "2005.10.16"]
[EventType "team"]
[EventRounds "11"]
[EventCountry "HUN"]
[SourceTitle "EXT 2009"]
[Source "ChessBase"]
[SourceDate "2008.11.26"]
[SourceVersion "1"]
[SourceVersionDate "2008.11.26"]
[SourceQuality "1"]
[WhiteTeam "Mako"]
[BlackTeam "Karcag"]
[WhiteTeamCountry "HUN"]
[BlackTeamCountry "HUN"]

1. e4 c6 2. d4 d5 3. exd5 cxd5 4. Bd3 Nf6 5. Bf4 e6 6. c3 Bd6 7. Bxd6 Qxd6 8. Nf3 Nc6 9. 0-0 0-0 10. Nbd2 a6 11. Qc2 Bd7 12. Rae1 Rfc8 13. Qb1 h6 14. Ne5 b5 15. a3 Na5 16. f4 Nc4 17. Ndf3 a5 18. f5 exf5 19. Nxd7 Nxd7 20. Bxf5 Re8 21. Qc1 Nf6 22. Bd3 Rab8 23. Bxc4 bxc4 24. Ne5 Re7 25. Rf2 Rbb7 26. Rfe2 Rbc7 27. Qf4 Ne4 28. Qh4 Qf6 29. Qxf6 Nxf6 30. h3 Ne4 31. Ng4 Kf8 32. Kh2 Rb7 33. Ne5 Re6 34. a4 Rc7 35. Rf1 Kg8 36. Ng4 Ree7 37. Rf5 Rcd7 38. Ne5 Rd6 39. Nf3 Kf8 40. Nh4 Kg8 41. Rf3 g6 42. g4 Rde6 43. Rfe3 Kf8 44. Ng2 g5 45. Rf3 Rf6 46. Rxf6 Nxf6 47. Rxe7 Kxe7 48. Ne3 Ke6 49. Kg3 Nd7 50. h4 gxh4+ 51. Kxh4 Nb6 52. Kh5 Nxa4 53. Nd1 f5 1/2-1/2

[Event "SVK-chT1E 0506"]
[Site "Slovakia"]
[Date "2005.12.03"]
[Round "5"]
[White "Kovacs, Jozef"]
[Black "Listiak, Juraj"]
[Result "0-1"]
[WhiteElo "2152"]
[BlackElo "2009"]
[PlyCount "82"]
[EventDate "2005.10.15"]
[EventType "team"]
[EventRounds "11"]
[EventCountry "SVK"]
[SourceTitle "EXT 2009"]
[Source "ChessBase"]
[SourceDate "2008.11.26"]
[SourceVersion "1"]
[SourceVersionDate "2008.11.26"]
[SourceQuality "1"]

1. d4 d5 2. c4 e6 3. Nc3 Nf6 4. Bg5 Nbd7 5. cxd5 exd5 6. e3 c6 7. Bd3 Be7 8. Nge2 0-0 9. Qc2 Re8 10. 0-0 Nf8 11. f3 Nh5 12. Bxe7 Qxe7 13. e4 dxe4 14. fxe4 Qg5 15. Bc4 Be6 16. d5 cxd5 17. exd5 Bh3 18. Ng3 Nxg3 19. hxg3 Qxg3 20. Rf2 Rac8 21. Bb3 Bg4 22. Raf1 Bh5 23. Qd2 Rcd8 24. Nb5 a6 25. Nd4 Qe3 26. Qb4 Re4 27. Qa5 Rd7 28. Nf5 Qg5 29. Qc3 f6 30. Re1 Rxe1+ 31. Qxe1 Bf7 32. Qe4 g6 33. Ne7+ Kg7 34. Re2 f5 35. Qb4 Rc7 36. d6 Rc1+ 37. Kh2 Qh5+ 38. Kg3 Bxb3 39. Qxb3 Qxe2 40. Qg8+ Kh6 41. Qxf8+ Kg5 0-1